000 00758nam a2200265 i 4500
001 C2-0229602
003 PPAK
005 20210611010926.0
008 001008s2005 my a br | 0 1 may d
020 _a9789831510155
_qpaperback
040 _aPPAK
_beng
_cPPAK
_erda
082 0 4 _a899.2333
_223
090 0 0 _a899.2333
_bNOR
_dK
100 0 _aNorman,
_eauthor.
245 1 0 _aDI BATU PUAKA /
_cNORMAN
264 1 _aKuala Lumpur :
_bPenerbitan Fargoes Sdn. Bhd.,
_c2005
300 _a128 pages :
_billustrations ;
_c17 cm
336 _2rdacontent
_atext
337 _2rdamedia
_aunmediated
338 _2rdacarrier
_avolume
490 1 _aSIRI 5 SEKAWAN ;
_v16
650 1 0 _aChildren's stories, Malay
830 0 _aSiri 5 sekawan ;
_n16
942 _cB
_2ddc
999 _c180271
_d180271